000
00288nam a22001097a 4500
008
140529t xxu||||| |||| 00| 0 eng d
020
_a
978-81-7035-715-5
100
_a
Dr. S.K. Biswas
_9
921
245
_a
Sustainable disease management of agricultural crops
300
_a
405
942
_2
ddc
_c
BK
999
_c
17159
_d
17159